Личное послание председателя Временного правительства Французской Республики Ш. де Голля И. В. Сталину с просьбой передать в рас...

RUSMARC
00006287cbm0a2200373#x 450
001bfc13fd8-9a16-43a1-9545-679c98c142a9
00520251125144921.0
100##$a20251125j19450601k###0rusy50 ca
1010#$arus
$cfre
102##$aRU
105##$ay###z########
1220#$ad19450601##
2001#$aЛичное послание председателя Временного правительства Французской Республики Ш. де Голля И. В. Сталину с просьбой передать в распоряжение французской авиации полк "Нормандия - Неман"
$j1 июня 1945 г.
251##$cДокумент
300##$aПеревод на русский язык, современный оригиналу
461#0$12001
$aФ. 558
$1251
$cФонд
$1852
$j558
462#0$12001
$aОп. 11
$1251
$cОпись
$1852
$j11
462#0$12001
$aД. 391
$vЛ. 102
$1251
$cДело
$1852
$j391
600#1$2nlr_sh
$3RU\NLR\AUTH\66296687
$aГолль
$gШарль де
$bШ. де
$f1890 - 1970
$jПереписка
605##$2prlib_sh
$3LIBNET\UAF\0000088514
$aВторая мировая война в архивных документах (Комплекс оцифрованных архивных документов, кино- и фотоматериалов)
$lколлекция
605##$2acquisition_Prlib
$3DITM\AF\0000002775
$aВласть
$lколлекция
605##$2acquisition_Prlib
$3DITM\AF\0000003834
$aНарод
$lколлекция
6061#$2nlr_sh
$3RU\NLR\AUTH\661520861
$aВеликая Отечественная война
$z1941 - 1945
$zТретий период
$z1944 – 1945
$jДокументы и материалы
6061#$2nlr_sh
$3RU\NLR\AUTH\66180389
$a"Нормандия-Неман", авиаполк
$jДокументы и материалы
607##$2nlr_sh
$3RU\NLR\AUTH\661469701
$aСССР
$xВзаимоотношения
$yФранция
$z1939 - 1945
$jДокументы и материалы
607##$2nlr_sh
$3RU\NLR\AUTH\661469702
$aФранция
$xВзаимоотношения
$yСССР
$z1939 - 1945
$jДокументы и материалы
686##$a63.3(2)622,13ю1
$vLBC/M
$2rubbk
686##$a63.3(4Фра)622-64(2)ю1
$vLBC/M
$2rubbk
686##$a63.3(2)622-64(4Фра)ю1
$vLBC/M
$2rubbk
801#0$aRU
$bПБ им. Б.Н. Ельцина
$c20251125
801#1$aRU
$bПБ им. Б.Н. Ельцина
$c20251125
$2rusmarc
801#2$aRU
$bПБ им. Б.Н. Ельцина
$c20251125
$2rusmarc
850##$aРоссийский государственный архив социально-политической истории
852##$aРГАСПИ
$jЛ. 102
035##$aLIBNET\0001514941
937##$d198506501
$hФедеральное архивное агентство
8564#$uhttp://readingroom.main.prlib.ru/item.aspx?id_node=n198506501&mode=full
Формат отображения